00672nam a2200217Ia 4500003000900000008004100009040001300050040001300063041000800076100002200084245006500106250001100171260001500182260000900197300001100206300001200217490000600229942000700235999001700242952019500259IT-RoPAU120407s9999 xx 000 0 und d aIT-RoPAU cIT-RoPAU aita aIgnacio Larranaga aNostro fratello di Assisi. Storia di una esperienza di Dio: aPadova aMessaggero c1986 a366 p. c21,7 cm v1 cBK c33493d33493 00102ddc406922_36000000000000071aPAULUSbPAULUSd2012-04-11l0o922.36r2012-04-11 00:00:00w2012-04-11yBKzInserito da: Jole In data: 30 luglio 2011 fondo: Via A.Severo 56 Progr:27247